ABC da astrologia (Registo nº 20749)
[ vista simples ]
| 000 -Etiqueta do registo | |
|---|---|
| Valores | 00569nam a22001691i 4500 |
| 090 ## - | |
| -- | 20749 |
| 100 ## - Dados gerais de processamento | |
| Dados gerais | 20170304u u u0frey50 ba |
| 101 0# - Língua de publicação | |
| -- | por |
| 200 1# - Titulo e menção de responsabilidade | |
| Título próprio | ABC da astrologia |
| Informação de outro título | descubra se o seu signo é compativel com o do seu filho |
| 215 ## - Descrição física | |
| Paginação / Volumes | vol. |
| Outras indicações físicas | il. |
| Dimensões | 18 cm |
| 210 ## - Publicação | |
| Nome do editor | Pais & Filhos |
| Data de publicação | 2002 |
| 300 ## - Notas gerais | |
| Texto da nota | Este livro faz parte da edição da Pais & filhos de Janeiro 2002 |
| 327 ## - Nota de conteúdo | |
| Texto da nota | Vol.2: 98 p. |
| 702 #1 - Autor secundário (pessoa individual) | |
| Apelido | Madalena |
| Nome | Ghira |
| -- | 440 |
| 996 ## - ISO2709 | |
| -- | 0010848 |
| -- | GHI II |
| -- | 00000000 |
| -- | 00000000 |
| -- | BMVA |
| -- | 1 |
| -- | Aguiar |
| -- | Esoterismo |
| -- | 80 |
| -- | Livro |
| -- | 0 |
| -- | 1 |
| 990 ## - Elementos KOHA | |
| Tipo de documento | Livro |
| Situação do levantamento | Estado | Biblioteca de origem | Biblioteca de empréstimo | Código de barras | Cota | Permissão de empréstimo | Tipo de documento |
|---|---|---|---|---|---|---|---|
| Completo | Biblioteca Municipal de Viana Do Alentejo | Biblioteca Municipal de Viana Do Alentejo Pólo Aguiar | 0014135 | 13 GHI II | Disponível | Livro |